000 00728nam a2200265Ia 4500
005 20260121171930.0
008 008 260114s9999 xx 000 0 eng d
020 _a9789811537530
037 _aEBOOK
040 _aCRL
040 _beng
040 _cCRL
041 _2eng
041 _aeng
084 _qCRL
100 _aQi Liu, Xiaodong Liu, Lang Li, Huiyu Zhou, Hui-Huang Zhao
_91082217
245 0 _aProceedings of the 9th International Conference on Computer Engineering and Networks
260 _bSpringer
260 _bSpringer
260 _c2021
856 _uhttps://link.springer.com/openurl?genre=book&isbn=978-981-15-3753-0
942 _cEBOOK
999 _c1647950
_d1647950